Los métodos en la enseñanza universitaria

Zapisane w:
Opis bibliograficzny
Główni autorzy: Pujol Balcells, Jaime (Autor), Fons Martin, José Luis (Autor)
Format: Książka
Język:hiszpański
Wydane: Pamplona Universidad de Navarra 1981
Wydanie:2a. ed
Seria:Colección ICE, 23
Hasła przedmiotowe:
Etykiety: Dodaj etykietę
Nie ma etykietki, Dołącz pierwszą etykiete!

MARC

LEADER 00000nam a2200000 a 4500
001 UCY5790
003 CL-VaPUC
008 950512e19810100SP |||||||||||||||||spa|d
082 0 4 |a 378.17  |b PUJ  |2 21 
100 0 |a Pujol Balcells, Jaime  |e author  |9 335011 
700 0 |a Fons Martin, José Luis  |e author  |9 335012 
245 1 4 |a Los métodos en la enseñanza universitaria 
250 |a 2a. ed 
300 |a 195 p 
942 |c BK 
945 |d 19950512 00:00:00  |a cmena 
260 |a Pamplona  |b Universidad de Navarra  |c 1981 
650 0 |a Educación superior   |9 223851 
650 0 |a Métodos de enseñanza  |9 270413 
650 7 |a TUTORIAS  |2 CL-VaPUC  |9 335013 
650 7 |a TRABAJO EN EQUIPOS  |2 CL-VaPUC  |9 335014 
583 |a last modification  |c 20170606 12:50:30  |k Rodrigo Vera 
490 0 |a Colección ICE, 23 
999 |c 233402  |d 233400 
952 |0 0  |1 0  |4 0  |6 378_170000000000000_PUJ_1981  |7 0  |8 P  |9 238915  |a BIBEDU  |b BIBEDU  |c BIBEDU_PB  |d 2019-11-18  |i 1502824  |o 378.17 PUJ 1981  |p 1502824  |r 2019-11-18  |w 2019-11-18  |y BK  |k EDU 
952 |0 0  |1 0  |4 0  |6 378_170000000000000_PUJ_1981  |7 0  |8 A  |9 238916  |a BIBHIS  |b BIBHIS  |d 2019-11-18  |i 1360094  |o 378.17 PUJ 1981  |p 1360094  |r 2025-01-20  |w 2019-11-18  |y BK  |k HIS